000 00448 a2200169 4500
003 Nust
005 20170207164906.0
040 _cNust
082 _a005.1
100 _aArshad,Talha BESE-15
245 _aInteggrated supply chain management system (Hard / Soft-copy)
_cTalha Arshad & Waqar Saleem
260 _aRawalpindi
_bMCS
_cJune 2013
300 _ax,131p
538 _aAlmirah No 72 Shelf No 3
650 _aManagement system
651 _aBESE-15
942 _cTHS
999 _c210231
_d210231